000 01015nam a2200205Ii 4500
003 JO-AjNU
008 230605s9999||||xx |||||||||||||| ||und||
040 _aJO-AjNU
_bara
_erda
_cJO-AjNU
041 _aara
050 1 4 _aPJ7521.M372.1982
100 3 _aتأليف: المرزباني،ابي عبيد الله محمد بن عمران ، الآدى، ابي القاسم الحسن بن بشر؛ تصحيح وتعليق: ف. كرنكو,
_eauthor
_959140
245 0 0 _aمعجم الشعراء ومعه المؤتلف والمختلف في اسماء الشعراء وكناهم وألقابهم وانسابهم وبعض شعرهم
250 _aط2
264 3 1 _aبيروت: دار الكتب العلمية، مكتبة القدس، 1982
300 _a556ص
_bيحتوي على فهرس باسماء الشعراءمن ص 517-556ص
336 _atext
_btxt
_2rdacontent
337 _aunmediated
_bn
_2rdamedia
338 _avolume
_bnc
_2rdacarrier
650 4 _a الشعراء العرب -- تراجم
_959141
999 _aA26598
_c30166
_d30166